Formule 1 - Vainqueurs du GP de Hungaroring, Hongrie - Statistiques

Statistiques générales
  • Ce quiz a été pris 70 fois
    39 depuis la dernière actualisation
  • Le résultat moyen est 36 sur 40
Statistiques - réponses
Années Pilotes % Correct
1988 Ayrton Senna
100%
1991 Ayrton Senna
100%
1992 Ayrton Senna
100%
2017 Sebastian Vettel
100%
2025 Lando Norris
100%
2007 Lewis Hamilton
100%
2009 Lewis Hamilton
100%
2012 Lewis Hamilton
100%
2013 Lewis Hamilton
100%
2016 Lewis Hamilton
100%
2018 Lewis Hamilton
100%
2019 Lewis Hamilton
100%
2020 Lewis Hamilton
100%
2022 Max Verstappen
100%
2023 Max Verstappen
100%
2024 Oscar Piastri
100%
2015 Sebastian Vettel
100%
1994 Michael Schumacher
97%
1998 Michael Schumacher
97%
2001 Michael Schumacher
97%
2004 Michael Schumacher
97%
2014 Daniel Ricciardo
94%
2003 Fernando Alonso
94%
1993 Damon Hill
90%
1995 Damon Hill
90%
1996 Jacques Villeneuve
90%
1997 Jacques Villeneuve
90%
2021 Esteban Ocon
87%
2005 Kimi Räikkönen
87%
2010 Mark Webber
87%
1989 Nigel Mansell
87%
2006 Jenson Button
81%
2011 Jenson Button
81%
1999 Mika Häkkinen
81%
2000 Mika Häkkinen
81%
1986 Nelson Piquet
77%
1987 Nelson Piquet
77%
2002 Rubens Barrichello
68%
2008 Heikki Kovalainen
45%
1990 Thierry Boutsen
35%
Aucun quiz correspondant
Distribution des résultats
% des personnes avec chaque résultat
Percentile par nombre de réponses
Votre historique - résultats
Vous n’avez pas pris ce quiz depuis la dernière actualisation